000 00416nam a2200181Ia 4500
001 34359
003 IN-NITTTR
005 20251114232937.0
008 251113s9999||||xx |||||||||||||| ||eng||
040 _beng
040 _cIN-NITTTR
041 _aeng
082 _a530 H337P
100 _aHazen, Wayne E.
245 0 _aPhysics /
_cHazen,Wayne E., Pidd, Robert W.
700 _a Pidd, Robert W.
942 _2ddc
_cBK
999 _c4579
_d4579